000 00215nam a2200097Ia 4500
008 220204s9999 xx 000 0 und d
082 _a82-34
_bNAR
100 _aNarayana
245 0 _aTales for the young
942 _cBK
999 _c37486
_d37486